[Event "Liguria Region-ch"]
[Site "Spotorno"]
[Date "2016.05.14"]
[Round "2"]
[White "Altieri, Danilo Mario"]
[Black "Bottini, Claudio"]
[Result "1-0"]
[WhiteElo "2052"]
[BlackElo "1493"]
[PlyCount "132"]
[EventDate "2016.05.13"]
[EventType "swiss"]
[EventRounds "5"]
[EventCountry "ITA"]
[SourceTitle "EXT 2018"]
[Source "ChessBase"]
[SourceDate "2017.10.13"]
[SourceVersion "1"]
[SourceVersionDate "2017.10.13"]
[SourceQuality "1"]

1. c4 c5 2. g3 e6 3. Nc3 Nf6 4. Bg2 Nc6 5. d3 Be7 6. e3 b6 7. Nge2 Qc7 8. Nb5 Qb8 9. d4 Bb7 10. 0-0 a6 11. Nbc3 0-0 12. b3 Rd8 13. d5 Ne5 14. f4 Ng6 15. e4 e5 16. f5 Nf8 17. h3 h6 18. g4 N6h7 19. Qe1 Qd6 20. Qg3 Qf6 21. Be3 Qh4 22. Qxh4 Bxh4 23. Na4 d6 24. Nxb6 Rab8 25. Na4 Ba8 26. Bd2 Rb7 27. Kh2 Rdb8 28. Ng1 Be7 29. Nf3 Bd8 30. Nc3 Ba5 31. h4 Bxc3 32. Bxc3 g5 33. hxg5 hxg5 34. Rf2 Nf6 35. Re2 N8h7 36. Kg3 Kg7 37. Bd2 Rg8 38. Nxg5 Nxg5 39. Bxg5 Nh7 40. Bd2 f6 41. Rh1 Rh8 42. Bf3 Rbb8 43. Reh2 Ng5 44. Rxh8 Rxh8 45. Rxh8 Kxh8 46. Bg2 Nf7 47. Kh4 Kg7 48. a3 Bb7 49. Bf1 Bc8 50. Bd3 Bd7 51. b4 cxb4 52. axb4 Nd8 53. g5 fxg5+ 54. Bxg5 Nb7 55. Be2 a5 56. f6+ Kf8 57. bxa5 Nxa5 58. Bd2 Nb7 59. Bb4 Be8 60. Bg4 Nc5 61. Bxc5 dxc5 62. d6 Bc6 63. d7 Bxd7 64. Bxd7 Kf7 65. Kg5 Kf8 66. Kg6 Kg8 1-0

[Event "Imperia Savona Province-ch"]
[Site "Alassio"]
[Date "2016.01.17"]
[Round "5"]
[White "Picasso, Filippo"]
[Black "Bottini, Claudio"]
[Result "0-1"]
[WhiteElo "1474"]
[BlackElo "1544"]
[PlyCount "68"]
[EventDate "2016.01.15"]
[EventType "swiss"]
[EventRounds "5"]
[EventCountry "ITA"]
[SourceTitle "EXT 2018"]
[Source "ChessBase"]
[SourceDate "2017.10.13"]
[SourceVersion "1"]
[SourceVersionDate "2017.10.13"]
[SourceQuality "1"]

1. d4 d5 2. Nf3 Nf6 3. Bf4 c5 4. dxc5 e6 5. e3 Nc6 6. Bd3 Bxc5 7. c3 0-0 8. Qc2 h6 9. Nbd2 a6 10. Nb3 Bb6 11. 0-0-0 Qe7 12. Rdg1 e5 13. Bxe5 Nxe5 14. Nbd4 Nxd3+ 15. Qxd3 Ne4 16. Rf1 Bd7 17. Qc2 Rac8 18. Kb1 Bxd4 19. Nxd4 Rc7 20. f3 Nc5 21. g4 Rfc8 22. Nf5 Bxf5 23. gxf5 Qxe3 24. Rhg1 Qd3 25. f6 Qxc2+ 26. Kxc2 g6 27. h4 Nd7 28. h5 Kh7 29. hxg6+ fxg6 30. Rg2 Nxf6 31. Rfg1 Rg7 32. f4 Re8 33. Kd3 Nh5 34. Rg4 Re4 0-1

[Event "Imperia Savona Province-ch"]
[Site "Alassio"]
[Date "2016.01.16"]
[Round "3"]
[White "Scarrone, Eugenio"]
[Black "Bottini, Claudio"]
[Result "1-0"]
[WhiteElo "1421"]
[BlackElo "1544"]
[PlyCount "51"]
[EventDate "2016.01.15"]
[EventType "swiss"]
[EventRounds "5"]
[EventCountry "ITA"]
[SourceTitle "EXT 2018"]
[Source "ChessBase"]
[SourceDate "2017.10.13"]
[SourceVersion "1"]
[SourceVersionDate "2017.10.13"]
[SourceQuality "1"]

1. e4 e6 2. d4 d5 3. Nc3 Nf6 4. e5 Nfd7 5. Qg4 c5 6. Nf3 cxd4 7. Nxd4 Nxe5 8. Qg3 Nbc6 9. Bb5 Bd7 10. Bxc6 Nxc6 11. Ndb5 Rc8 12. Bf4 e5 13. Bxe5 Nxe5 14. Qxe5+ Qe7 15. Qxe7+ Bxe7 16. 0-0-0 a6 17. Nd4 Be6 18. Rhe1 Kd7 19. Na4 Bd8 20. b4 b5 21. Nc5+ Rxc5 22. bxc5 Bf6 23. f4 Bxd4 24. Rxd4 Rc8 25. f5 Bxf5 26. Rxd5+ 1-0